Vista normal Vista MARC

Entrada Personal Name

Número de registros utilizados en: 2

001 - CONTROL NUMBER

  • control field: 7288

003 - CONTROL NUMBER IDENTIFIER

  • control field: OSt

005 - DATE AND TIME OF LATEST TRANSACTION

  • control field: 20200715105646.0

008 - FIXED-LENGTH DATA ELEMENTS

  • fixed length control field: 200715|| aca||aabn | a|a d

040 ## - CATALOGING SOURCE

  • Original cataloging agency: OSt
  • Transcribing agency: OSt

100 ## - HEADING--PERSONAL NAME

  • Personal name: Herrera, Catalina

670 ## - SOURCE DATA FOUND

  • Source citation: Work cat.: (OSt)4725: Cárdenas S., Mauricio, autor 6536, Introducción a la economía colombiana /, 2013.